000 00790nam a2200253Ia 4500
003 OSt
005 20220916110901.0
006 a|||||r|||| 00| 0
007 ta
008 220915b |||||||| |||| 00| 0 hin d
024 _a162880
037 _cTextbook
040 _bhin
_aARTS
_cARTS
041 _ahin
082 _aO152,3N33x, K2
100 _aअजितकुमार
245 0 _aअंकित होने दो
246 _aAankit hone do
260 _aदिल्ली
_bभारतीय ज्ञानपीठ प्रकाशन भारत
_c1962
300 _a261पृ0
_ccm.
650 _aहिन्दी साहित्य
942 _hO152,3N33x, K2
_cTB
_2CC
999 _c100350
_d100350